Temática contable-fiscal

Gespeichert in:
Bibliographische Detailangaben
1. Verfasser: Becker Gómez, Fernando .
Format: Buch
Sprache:Spanisch
Erschienen: Madrid : Mercator, [1951]
Katalog:MANES:  Suchergebnis im Bibliothekskatalog
Schulbuchspezifische Eigenschaften:
Tags: Tag hinzufügen
Keine Tags, Fügen Sie den ersten Tag hinzu!
Hinzugefügt zu:16.10.1997
Geändert in:07.05.2025

MARC

LEADER 00000cam a2200000 4500
005 20250507134539.0
008 971017s1951 esp 0000 spa d
040 |a uned  |b spa  |c entro-manes 
100 1 |a Becker Gómez, Fernando .  |9 40308 
245 1 0 |a Temática contable-fiscal /   |c Fernando Becker Gómez ; prólogo por Tomás Toral Alonso 
260 |a Madrid :   |b Mercator,   |c [1951] 
300 |a XXVIII, 462 p. 
500 |a Fecha tomada de la Biblioteca Nacional 
546 |a España 
561 |5 es-BUNED  |3 L.T. 4002  |a España. Fondo Manes UNED  |k MANES 
690 0 |a ETP 
942 |2 ddc  |c BK 
999 |c 96949  |d 96949 
999 |c manes:96949  |d 96949